[Event "DEM U10w 2025"]
[Site "Willingen GER"]
[Date "2025.06.08"]
[Round "1"]
[White "Missova, Dimana"]
[Black "Winkler, Anni"]
[Result "0-1"]
[Termination "normal"]
[Board "17"]
[WhiteElo "945"]
[BlackElo "1659"]
[WhiteClock "00:56:59"]
[BlackClock "00:37:15"]
[PlyCount "160"]
[WhiteFideId "533043582"]
[BlackFideId "34622349"]
[EventCountry "GER"]
[EventRounds "9"]
[EventType "swiss"]
[EventDate "2025.06.07"]

1. e4 {[%clk 01:30:58]} {[%emt 00:00:01]} c5 {[%clk 01:30:36]} {[%emt
00:00:25]} 2. Nf3 {[%clk 01:31:22]} {[%emt 00:00:07]} Nc6 {[%clk 01:30:30]}
{[%emt 00:00:35]} 3. d4 {[%clk 01:31:41]} {[%emt 00:00:10]} cxd4 {[%clk
01:30:31]} {[%emt 00:00:30]} 4. Nxd4 {[%clk 01:31:57]} {[%emt 00:00:14]} Nf6
{[%clk 01:30:36]} {[%emt 00:00:25]} 5. Nc3 {[%clk 01:32:19]} {[%emt 00:00:09]}
d6 {[%clk 01:30:23]} {[%emt 00:00:43]} 6. Be3 {[%clk 01:32:33]} {[%emt
00:00:16]} Ng4 {[%clk 01:29:23]} {[%emt 00:01:27]} 7. Qd2 {[%clk 01:32:48]}
{[%emt 00:00:19]} Nxe3 {[%clk 01:29:32]} {[%emt 00:00:21]} 8. Qxe3 {[%clk
01:33:06]} {[%emt 00:00:10]} Qc7 {[%clk 01:28:49]} {[%emt 00:01:14]} 9. Be2
{[%clk 01:32:36]} {[%emt 00:01:01]} a6 {[%clk 01:28:40]} {[%emt 00:00:39]} 10.
O-O {[%clk 01:32:55]} {[%emt 00:00:11]} b5 {[%clk 01:28:24]} {[%emt 00:00:47]}
11. a3 {[%clk 01:33:04]} {[%emt 00:00:20]} Bb7 {[%clk 01:28:32]} {[%emt
00:00:23]} 12. Nd5 {[%clk 01:31:32]} {[%emt 00:02:01]} Qd8 {[%clk 01:24:30]}
{[%emt 00:04:22]} 13. Rad1 {[%clk 01:31:11]} {[%emt 00:00:57]} e6 {[%clk
01:24:37]} {[%emt 00:00:24]} 14. Nc3 {[%clk 01:31:17]} {[%emt 00:00:26]} Be7
{[%clk 01:20:39]} {[%emt 00:04:28]} 15. h3 {[%clk 01:31:18]} {[%emt 00:00:27]}
Qb6 {[%clk 01:14:49]} {[%emt 00:06:15]} 16. Rfe1 {[%clk 01:30:20]} {[%emt
00:01:34]} Rd8 {[%clk 01:12:39]} {[%emt 00:02:38]} 17. Nf5 {[%clk 01:29:58]}
{[%emt 00:00:55]} Qxe3 {[%clk 01:11:37]} {[%emt 00:01:32]} 18. Nxe3 {[%clk
01:30:19]} {[%emt 00:00:08]} O-O {[%clk 01:11:24]} {[%emt 00:00:42]} 19. b4
{[%clk 01:29:53]} {[%emt 00:00:56]} Bf6 {[%emt 00:02:13]} 20. Nb1 {[%clk
01:29:22]} {[%emt 00:00:12]} Rd7 {[%clk 01:07:34]} {[%emt 00:03:27]} 21. Ng4
{[%clk 01:28:25]} {[%emt 00:01:22]} Be7 {[%clk 01:01:52]} {[%emt 00:06:18]} 22.
Nc3 {[%clk 01:28:03]} {[%emt 00:00:52]} Rc8 {[%clk 01:01:29]} {[%emt 00:00:52]}
23. Nb1 {[%clk 01:27:04]} {[%emt 00:01:29]} g6 {[%clk 00:50:14]} {[%emt
00:11:45]} 24. e5 {[%clk 01:26:43]} {[%emt 00:00:51]} h5 {[%clk 00:48:32]}
{[%emt 00:02:12]} 25. Nf6+ {[%clk 01:26:52]} {[%emt 00:00:22]} Bxf6 {[%clk
00:48:56]} {[%emt 00:00:07]} 26. exf6 {[%clk 01:26:59]} {[%emt 00:00:22]} Nb8
{[%clk 00:48:09]} {[%emt 00:01:16]} 27. c3 {[%clk 01:26:36]} {[%emt 00:00:54]}
Rcd8 {[%clk 00:47:48]} {[%emt 00:00:50]} 28. Bd3 {[%clk 01:25:40]} {[%emt
00:01:25]} Rc7 {[%clk 00:47:05]} {[%emt 00:01:09]} 29. Be4 {[%clk 01:25:46]}
{[%emt 00:00:30]} d5 {[%clk 00:46:31]} {[%emt 00:01:03]} 30. Re2 {[%clk
01:23:41]} {[%emt 00:02:28]} Nd7 {[%clk 00:45:31]} {[%emt 00:01:34]} 31. Bf3
{[%clk 01:23:22]} {[%emt 00:00:37]} Nxf6 {[%clk 00:45:39]} {[%emt 00:00:37]}
32. Rc1 {[%clk 01:22:49]} {[%emt 00:01:03]} Rdd7 {[%clk 00:41:15]} {[%emt
00:04:53]} 33. Ree1 {[%clk 01:22:44]} {[%emt 00:00:36]} Kg7 {[%clk 00:35:55]}
{[%emt 00:05:50]} 34. Kh2 {[%clk 01:22:18]} {[%emt 00:00:56]} d4 {[%clk
00:30:37]} {[%emt 00:05:48]} 35. Bxb7 {[%clk 01:22:35]} {[%emt 00:00:12]} Rxb7
{[%clk 00:31:01]} {[%emt 00:00:07]} 36. cxd4 {[%clk 01:22:43]} {[%emt
00:00:21]} Rxd4 {[%clk 00:31:20]} {[%emt 00:00:11]} 37. Red1 {[%clk 01:22:41]}
{[%emt 00:00:33]} Rxd1 {[%clk 00:31:36]} {[%emt 00:00:14]} 38. Rxd1 {[%clk
01:23:03]} {[%emt 00:00:07]} Rc7 {[%clk 00:31:44]} {[%emt 00:00:22]} 39. Nd2
{[%clk 01:22:21]} {[%emt 00:01:12]} Rd7 {[%clk 00:31:58]} {[%emt 00:00:17]} 40.
f3 {[%clk 01:22:18]} {[%emt 00:00:32]} e5 {[%clk 00:32:07]} {[%emt 00:00:21]}
41. Kg1 {[%clk 01:22:09]} {[%emt 00:00:39]} e4 {[%clk 00:32:14]} {[%emt
00:00:23]} 42. Kf2 {[%clk 01:22:28]} {[%emt 00:00:11]} exf3 {[%clk 00:32:26]}
{[%emt 00:00:20]} 43. Kxf3 {[%clk 01:22:27]} {[%emt 00:00:30]} Rd3+ {[%clk
00:32:36]} {[%emt 00:00:17]} 44. Ke2 {[%clk 01:22:44]} {[%emt 00:00:16]} Rxa3
{[%clk 00:32:58]} {[%emt 00:00:09]} 45. Rb1 {[%clk 01:22:11]} {[%emt 00:01:02]}
Rg3 {[%clk 00:33:10]} {[%emt 00:00:16]} 46. Kf2 {[%clk 01:22:15]} {[%emt
00:00:26]} Rd3 {[%clk 00:33:27]} {[%emt 00:00:12]} 47. Ke2 {[%clk 01:21:26]}
{[%emt 00:01:20]} Rd4 {[%clk 00:33:06]} {[%emt 00:00:48]} 48. Ke3 {[%clk
01:20:48]} {[%emt 00:01:12]} Rd6 {[%clk 00:33:07]} {[%emt 00:00:29]} 49. Rb2
{[%clk 01:19:59]} {[%emt 00:01:19]} Nd5+ {[%clk 00:33:08]} {[%emt 00:00:28]}
50. Kf2 {[%clk 01:18:33]} {[%emt 00:01:57]} Nxb4 {[%clk 00:32:18]} {[%emt
00:01:21]} 51. Ke2 {[%clk 01:13:44]} {[%emt 00:05:17]} Nd3 {[%emt 00:01:30]}
52. Rc2 {[%clk 01:13:10]} {[%emt 00:00:11]} Nf4+ {[%clk 00:32:25]} {[%emt
00:00:13]} 53. Kf2 {[%clk 01:12:21]} {[%emt 00:01:21]} b4 {[%clk 00:32:29]}
{[%emt 00:00:28]} 54. Nc4 {[%clk 01:06:13]} {[%emt 00:06:34]} Rc6 {[%clk
00:32:31]} {[%emt 00:00:27]} 55. Na3 {[%clk 01:05:34]} {[%emt 00:01:11]} Rxc2+
{[%clk 00:32:56]} {[%emt 00:00:08]} 56. Nxc2 {[%clk 01:05:53]} {[%emt
00:00:11]} a5 {[%clk 00:33:12]} {[%emt 00:00:14]} 57. Ke3 {[%clk 01:05:57]}
{[%emt 00:00:25]} Nxg2+ {[%clk 00:33:31]} {[%emt 00:00:12]} 58. Kd4 {[%clk
01:06:08]} {[%emt 00:00:19]} f5 {[%clk 00:33:37]} {[%emt 00:00:24]} 59. Kc4
{[%clk 01:06:18]} {[%emt 00:00:20]} f4 {[%clk 00:33:59]} {[%emt 00:00:08]} 60.
Nd4 {[%clk 01:05:56]} {[%emt 00:00:52]} Ne3+ {[%clk 00:34:09]} {[%emt
00:00:19]} 61. Kb3 {[%clk 01:05:45]} {[%emt 00:00:41]} Nf5 {[%clk 00:34:13]}
{[%emt 00:00:27]} 62. Nf3 {[%emt 00:02:03]} g5 {[%clk 00:33:19]} {[%emt
00:00:58]} 63. Kc4 {[%clk 01:03:25]} {[%emt 00:01:44]} g4 {[%clk 00:33:31]}
{[%emt 00:00:17]} 64. hxg4 {[%clk 01:03:37]} {[%emt 00:00:18]} hxg4 {[%clk
00:33:52]} {[%emt 00:00:10]} 65. Ne5 {[%clk 01:01:54]} {[%emt 00:02:08]} g3
{[%emt 00:00:36]} 66. Nf3 {[%clk 01:01:57]} {[%emt 00:00:07]} Ne3+ {[%clk
00:34:28]} {[%emt 00:00:11]} 67. Kb3 {[%clk 01:02:10]} {[%emt 00:00:16]} Kf6
{[%clk 00:34:44]} {[%emt 00:00:15]} 68. Nd2 {[%clk 00:58:29]} {[%emt 00:04:11]}
Kf5 {[%clk 00:34:51]} {[%emt 00:00:23]} 69. Nf3 {[%clk 00:58:28]} {[%emt
00:00:31]} Kg4 {[%clk 00:34:50]} {[%emt 00:00:28]} 70. Ng1 {[%clk 00:58:39]}
{[%emt 00:00:21]} f3 {[%clk 00:35:04]} {[%emt 00:00:18]} 71. Nxf3 {[%clk
00:56:13]} {[%emt 00:02:55]} Kxf3 {[%clk 00:35:28]} {[%emt 00:00:07]} 72. Ka4
{[%clk 00:56:28]} {[%emt 00:00:15]} g2 {[%clk 00:35:49]} {[%emt 00:00:08]} 73.
Kb3 {[%clk 00:56:50]} {[%emt 00:00:09]} g1=Q {[%clk 00:36:04]} {[%emt
00:00:15]} 74. Ka4 {[%clk 00:57:02]} {[%emt 00:00:17]} Qa1+ {[%clk 00:36:25]}
{[%emt 00:00:09]} 75. Kb3 {[%clk 00:57:16]} {[%emt 00:00:16]} Qc3+ {[%clk
00:36:38]} {[%emt 00:00:17]} 76. Ka4 {[%clk 00:56:47]} {[%emt 00:00:59]} b3
{[%clk 00:36:57]} {[%emt 00:00:11]} 77. Kb5 {[%emt 00:00:07]} b2 {[%emt
00:00:16]} 78. Ka6 {[%clk 00:56:29]} {[%emt 00:00:21]} b1=R {[%clk 00:37:07]}
{[%emt 00:00:23]} 79. Ka7 {[%clk 00:56:48]} {[%emt 00:00:11]} Qc7+ {[%clk
00:37:26]} {[%emt 00:00:10]} 80. Ka6 {[%clk 00:56:59]} {[%emt 00:00:20]} Qb6#
{[%clk 00:37:15]} {[%emt 00:00:09]} 0-1

[Event "DEM U10w 2025"]
[Site "Willingen GER"]
[Date "2025.06.08"]
[Round "1"]
[White "Mudriievskaya, Esther"]
[Black "Jodalli, Aarna"]
[Result "1-0"]
[Termination "normal"]
[Board "18"]
[WhiteElo "1505"]
[BlackElo "898"]
[WhiteClock "01:20:52"]
[BlackClock "01:06:28"]
[PlyCount "65"]
[WhiteFideId "34676465"]
[BlackFideId "533043566"]
[EventCountry "GER"]
[EventRounds "9"]
[EventType "swiss"]
[EventDate "2025.06.07"]

1. e4 {[%clk 01:30:44]} {[%emt 00:00:16]} c5 {[%clk 01:30:38]} {[%emt
00:00:23]} 2. Nc3 {[%clk 01:30:44]} {[%emt 00:00:29]} Nc6 {[%clk 01:30:48]}
{[%emt 00:00:20]} 3. f4 {[%clk 01:30:26]} {[%emt 00:00:48]} g6 {[%clk
01:30:52]} {[%emt 00:00:26]} 4. Bc4 {[%clk 01:30:24]} {[%emt 00:00:32]} e6
{[%clk 01:31:06]} {[%emt 00:00:16]} 5. Nf3 {[%clk 01:30:00]} {[%emt 00:00:53]}
Nf6 {[%clk 01:30:37]} {[%emt 00:00:59]} 6. d3 {[%clk 01:29:29]} {[%emt
00:00:59]} Bg7 {[%clk 01:30:17]} {[%emt 00:00:52]} 7. O-O {[%clk 01:29:11]}
{[%emt 00:00:47]} O-O {[%clk 01:30:23]} {[%emt 00:00:23]} 8. Qe1 {[%clk
01:28:38]} {[%emt 00:00:54]} a6 {[%clk 01:28:00]} {[%emt 00:03:04]} 9. f5
{[%clk 01:28:25]} {[%emt 00:00:43]} b5 {[%clk 01:27:07]} {[%emt 00:01:24]} 10.
Bb3 {[%clk 01:27:46]} {[%emt 00:01:07]} a5 {[%clk 01:26:30]} {[%emt 00:01:09]}
11. fxe6 {[%clk 01:27:28]} {[%emt 00:00:47]} dxe6 {[%clk 01:26:44]} {[%emt
00:00:16]} 12. Nxb5 {[%clk 01:27:47]} {[%emt 00:00:13]} Rb8 {[%clk 01:24:17]}
{[%emt 00:02:57]} 13. Nc3 {[%clk 01:26:40]} {[%emt 00:01:35]} Nb4 {[%clk
01:23:56]} {[%emt 00:00:52]} 14. Bg5 {[%clk 01:25:56]} {[%emt 00:01:13]} Bd7
{[%clk 01:22:50]} {[%emt 00:01:37]} 15. e5 {[%clk 01:25:45]} {[%emt 00:00:29]}
Ra8 {[%clk 01:18:20]} {[%emt 00:05:11]} 16. exf6 {[%clk 01:25:46]} {[%emt
00:00:30]} Bxf6 {[%clk 01:18:34]} {[%emt 00:00:16]} 17. Qh4 {[%clk 01:24:54]}
{[%emt 00:01:21]} Kg7 {[%clk 01:14:14]} {[%emt 00:04:50]} 18. Bxf6+ {[%clk
01:24:45]} {[%emt 00:00:40]} Qxf6 {[%clk 01:14:27]} {[%emt 00:00:16]} 19. Ng5
{[%clk 01:25:03]} {[%emt 00:00:12]} h6 {[%clk 01:14:03]} {[%emt 00:00:55]} 20.
Rxf6 {[%clk 01:25:18]} {[%emt 00:00:15]} Kxf6 {[%clk 01:13:43]} {[%emt
00:00:50]} 21. Nce4+ {[%clk 01:24:40]} {[%emt 00:01:08]} Kg7 {[%clk 01:13:23]}
{[%emt 00:00:48]} 22. Nf3 {[%clk 01:22:59]} {[%emt 00:02:11]} f6 {[%clk
01:10:10]} {[%emt 00:03:44]} 23. Rf1 {[%clk 01:21:34]} {[%emt 00:01:51]} a4
{[%clk 01:08:45]} {[%emt 00:02:01]} 24. Nxc5 {[%clk 01:20:58]} {[%emt
00:01:05]} Ra7 {[%clk 01:07:33]} {[%emt 00:01:33]} 25. Nxd7 {[%clk 01:20:53]}
{[%emt 00:00:44]} Rxd7 {[%clk 01:07:51]} {[%emt 00:00:12]} 26. Qxb4 {[%clk
01:21:16]} {[%emt 00:00:06]} axb3 {[%clk 01:08:00]} {[%emt 00:00:23]} 27. Qxb3
{[%clk 01:21:19]} {[%emt 00:00:26]} e5 {[%clk 01:07:22]} {[%emt 00:01:09]} 28.
Qb4 {[%clk 01:20:34]} {[%emt 00:01:11]} Ra7 {[%clk 01:06:31]} {[%emt 00:01:12]}
29. Nxe5 {[%clk 01:20:51]} {[%emt 00:00:25]} Raa8 {[%clk 01:06:23]} {[%emt
00:00:28]} 30. Qb7+ {[%clk 01:20:47]} {[%emt 00:00:43]} Kg8 {[%clk 01:06:30]}
{[%emt 00:00:23]} 31. Rxf6 {[%clk 01:20:48]} {[%emt 00:00:30]} Rab8 {[%clk
01:06:19]} {[%emt 00:00:42]} 32. Rxg6+ {[%clk 01:20:59]} {[%emt 00:00:19]} Kh8
{[%clk 01:06:28]} {[%emt 00:00:21]} 33. Qg7# {[%clk 01:20:52]} {[%emt
00:00:05]} 1-0

[Event "DEM U10w 2025"]
[Site "Willingen GER"]
[Date "2025.06.08"]
[Round "1"]
[White "Reichel, Anneke"]
[Black "Gubler, Miriam"]
[Result "0-1"]
[Termination "normal"]
[Board "19"]
[WhiteElo "890"]
[BlackElo "1188"]
[WhiteClock "01:24:13"]
[BlackClock "01:18:37"]
[PlyCount "92"]
[WhiteFideId "533043612"]
[BlackFideId "533043809"]
[EventCountry "GER"]
[EventRounds "9"]
[EventType "swiss"]
[EventDate "2025.06.07"]

1. e4 {[%clk 01:30:58]} {[%emt 00:00:02]} e5 {[%clk 01:30:56]} {[%emt
00:00:05]} 2. Nf3 {[%clk 01:31:24]} {[%emt 00:00:03]} Nc6 {[%clk 01:31:22]}
{[%emt 00:00:05]} 3. d4 {[%clk 01:31:50]} {[%emt 00:00:04]} exd4 {[%clk
01:31:43]} {[%emt 00:00:08]} 4. Nxd4 {[%clk 01:32:12]} {[%emt 00:00:08]} Bc5
{[%clk 01:32:07]} {[%emt 00:00:06]} 5. Be3 {[%clk 01:32:38]} {[%emt 00:00:04]}
Qf6 {[%clk 01:32:10]} {[%emt 00:00:26]} 6. c3 {[%clk 01:33:00]} {[%emt
00:00:05]} d6 {[%clk 01:31:07]} {[%emt 00:01:36]} 7. Bc4 {[%clk 01:33:21]}
{[%emt 00:00:09]} Nge7 {[%clk 01:30:38]} {[%emt 00:01:00]} 8. O-O {[%clk
01:32:57]} {[%emt 00:00:10]} O-O {[%clk 01:31:01]} {[%emt 00:00:50]} 9. Re1
{[%clk 01:32:34]} {[%emt 00:00:41]} Ng6 {[%clk 01:30:52]} {[%emt 00:00:52]} 10.
b4 {[%clk 01:32:46]} {[%emt 00:00:18]} Bb6 {[%clk 01:30:47]} {[%emt 00:00:33]}
11. Re2 {[%clk 01:32:05]} {[%emt 00:00:39]} Bg4 {[%clk 01:30:34]} {[%emt
00:01:16]} 12. f3 {[%clk 01:32:29]} {[%emt 00:00:06]} Bd7 {[%clk 01:30:33]}
{[%emt 00:00:30]} 13. Rf2 {[%clk 01:32:30]} {[%emt 00:00:30]} Rad8 {[%clk
01:29:23]} {[%emt 00:01:32]} 14. f4 {[%clk 01:32:11]} {[%emt 00:00:27]} a6
{[%clk 01:20:08]} {[%emt 00:10:15]} 15. e5 {[%clk 01:32:12]} {[%emt 00:00:29]}
dxe5 {[%clk 01:18:30]} {[%emt 00:02:08]} 16. fxe5 {[%clk 01:32:37]} {[%emt
00:00:04]} Qxe5 {[%emt 00:01:23]} 17. Qd3 {[%clk 01:32:19]} {[%emt 00:00:24]}
Bc8 {[%clk 01:13:36]} {[%emt 00:04:56]} 18. Na3 {[%clk 01:32:21]} {[%emt
00:00:26]} Nxd4 {[%clk 01:12:24]} {[%emt 00:01:44]} 19. cxd4 {[%clk 01:32:16]}
{[%emt 00:00:34]} Bxd4 {[%clk 01:12:26]} {[%emt 00:00:28]} 20. Bxd4 {[%clk
01:32:36]} {[%emt 00:00:10]} Rxd4 {[%clk 01:12:40]} {[%emt 00:00:15]} 21. Qc2
{[%clk 01:31:58]} {[%emt 00:00:38]} b5 {[%clk 01:11:54]} {[%emt 00:01:46]} 22.
Bd3 {[%clk 01:31:15]} {[%emt 00:00:30]} Rfd8 {[%clk 01:11:47]} {[%emt
00:01:19]} 23. Bxg6 {[%clk 01:30:50]} {[%emt 00:00:48]} hxg6 {[%clk 01:12:03]}
{[%emt 00:00:20]} 24. Qb3 {[%emt 00:01:11]} Be6 {[%emt 00:00:53]} 25. Qc2
{[%emt 00:00:18]} Rd3 {[%emt 00:00:54]} 26. Nb1 {[%emt 00:00:56]} Qxa1 {[%emt
00:00:34]} 27. Rf1 {[%clk 00:00:00]} {[%emt 00:00:18]} Qd4+ {[%clk 00:00:00]}
28. Kh1 {[%clk 01:25:30]} {[%emt 00:02:11]} Rd1 {[%clk 01:14:20]} {[%emt
00:00:58]} 29. h3 {[%clk 01:24:41]} {[%emt 00:01:18]} Rxf1+ {[%clk 01:14:41]}
{[%emt 00:00:09]} 30. Kh2 {[%clk 01:25:06]} {[%emt 00:00:06]} Qd6+ {[%clk
01:14:56]} {[%emt 00:00:15]} 31. g3 {[%clk 01:25:19]} {[%emt 00:00:50]} Rxb1
{[%clk 01:15:00]} {[%emt 00:00:53]} 32. Qxb1 {[%clk 01:25:32]} {[%emt
00:00:18]} Qd2+ {[%clk 01:15:25]} {[%emt 00:00:05]} 33. Kg1 {[%clk 01:25:31]}
{[%emt 00:00:29]} Qd1+ {[%clk 01:15:51]} {[%emt 00:00:07]} 34. Qxd1 {[%clk
01:25:50]} {[%emt 00:00:10]} Rxd1+ {[%clk 01:16:16]} {[%emt 00:00:06]} 35. Kf2
{[%emt 00:00:06]} Bxa2 {[%emt 00:00:07]} 36. Ke2 {[%clk 01:25:54]} {[%emt
00:00:13]} Rd4 {[%clk 01:16:33]} {[%emt 00:00:12]} 37. Ke3 {[%clk 01:26:10]}
{[%emt 00:00:12]} Rxb4 {[%clk 01:16:59]} {[%emt 00:00:08]} 38. Kd3 {[%emt
00:00:06]} Rc4 {[%emt 00:00:09]} 39. g4 {[%clk 01:26:07]} {[%emt 00:00:18]} a5
{[%clk 01:17:18]} {[%emt 00:00:11]} 40. g5 {[%emt 00:00:14]} a4 {[%emt
00:00:06]} 41. h4 {[%emt 00:00:11]} Bb1+ {[%emt 00:00:09]} 42. Kd2 {[%clk
01:25:41]} {[%emt 00:00:15]} a3 {[%clk 01:17:45]} {[%emt 00:00:04]} 43. Kd1
{[%clk 01:25:57]} {[%emt 00:00:09]} a2 {[%clk 01:18:11]} {[%emt 00:00:09]} 44.
Kd2 {[%clk 01:26:11]} {[%emt 00:00:09]} a1=Q {[%clk 01:18:37]} {[%emt
00:00:10]} 45. Kd1 {[%emt 00:00:07]} Rc2 {[%emt 00:00:11]} 46. h5 {[%clk
01:24:13]} {[%emt 00:00:19]} Qb2 {[%clk 01:18:37]} 0-1

[Event "DEM U10w 2025"]
[Site "Willingen GER"]
[Date "2025.06.08"]
[Round "1"]
[White "Severin, Selina Jasmin"]
[Black "Braginets, Alisa"]
[Result "1-0"]
[Termination "normal"]
[Board "20"]
[WhiteElo "1148"]
[BlackElo "871"]
[WhiteClock "01:29:12"]
[BlackClock "01:02:59"]
[PlyCount "65"]
[WhiteFideId "533043647"]
[BlackFideId "533041431"]
[EventCountry "GER"]
[EventRounds "9"]
[EventType "swiss"]
[EventDate "2025.06.07"]

1. Nf3 {[%clk 01:30:58]} Nc6 {[%clk 01:30:34]} {[%emt 00:00:26]} 2. d4 {[%clk
01:31:15]} {[%emt 00:00:13]} Nf6 {[%clk 01:30:38]} {[%emt 00:00:26]} 3. c4
{[%clk 01:31:22]} {[%emt 00:00:24]} d5 {[%clk 01:30:25]} {[%emt 00:00:41]} 4.
e3 {[%clk 01:31:44]} {[%emt 00:00:10]} Bf5 {[%clk 01:27:42]} {[%emt 00:03:12]}
5. Nc3 {[%clk 01:31:09]} {[%emt 00:01:06]} Ne4 {[%clk 01:23:39]} {[%emt
00:04:32]} 6. Nxe4 {[%clk 01:26:47]} {[%emt 00:04:53]} Bxe4 {[%clk 01:22:21]}
{[%emt 00:01:47]} 7. Bd3 {[%clk 01:26:12]} {[%emt 00:01:02]} Nb4 {[%clk
01:14:37]} {[%emt 00:08:17]} 8. Bxe4 {[%clk 01:26:29]} {[%emt 00:00:13]} dxe4
{[%clk 01:12:50]} {[%emt 00:02:17]} 9. Nd2 {[%clk 01:26:38]} {[%emt 00:00:21]}
Nd3+ {[%clk 01:11:50]} {[%emt 00:01:29]} 10. Kf1 {[%clk 01:26:54]} {[%emt
00:00:15]} e6 {[%clk 01:09:41]} {[%emt 00:02:39]} 11. Nxe4 {[%clk 01:27:01]}
{[%emt 00:00:23]} Nxc1 {[%clk 01:08:34]} {[%emt 00:01:37]} 12. Rxc1 {[%clk
01:27:02]} {[%emt 00:00:29]} b6 {[%clk 01:06:40]} {[%emt 00:02:24]} 13. Qa4+
{[%clk 01:26:55]} {[%emt 00:00:36]} Qd7 {[%clk 01:05:54]} {[%emt 00:01:15]} 14.
Qxd7+ {[%emt 00:00:12]} Kxd7 {[%emt 00:00:20]} 15. Ke2 {[%clk 01:26:33]} {[%emt
00:00:19]} f5 {[%clk 01:05:52]} {[%emt 00:00:33]} 16. Ng3 {[%clk 01:26:34]}
{[%emt 00:00:29]} c5 {[%clk 01:04:30]} {[%emt 00:01:52]} 17. Rhd1 {[%clk
01:26:40]} {[%emt 00:00:24]} Kc7 {[%clk 01:03:59]} {[%emt 00:01:00]} 18. e4
{[%clk 01:26:02]} {[%emt 00:01:08]} f4 {[%clk 01:03:30]} {[%emt 00:00:59]} 19.
Nh5 {[%clk 01:25:21]} {[%emt 00:01:11]} e5 {[%clk 01:02:51]} {[%emt 00:01:10]}
20. dxe5 {[%clk 01:25:21]} {[%emt 00:00:30]} Rd8 {[%clk 01:02:58]} {[%emt
00:00:23]} 21. Nxf4 {[%clk 01:25:20]} {[%emt 00:00:30]} Rxd1 {[%clk 01:02:27]}
{[%emt 00:01:01]} 22. Rxd1 {[%clk 01:25:37]} {[%emt 00:00:13]} Be7 {[%clk
01:02:20]} {[%emt 00:00:36]} 23. Kf3 {[%clk 01:25:22]} {[%emt 00:00:45]} Rd8
{[%clk 01:02:13]} {[%emt 00:00:35]} 24. Ne6+ {[%clk 01:25:47]} {[%emt
00:00:09]} Kc6 {[%clk 01:02:25]} {[%emt 00:00:12]} 25. Nxd8+ {[%clk 01:26:13]}
{[%emt 00:00:09]} Bxd8 {[%clk 01:02:30]} {[%emt 00:00:24]} 26. Rxd8 {[%clk
01:26:35]} {[%emt 00:00:08]} Kc7 {[%clk 01:02:47]} {[%emt 00:00:14]} 27. Rg8
{[%clk 01:26:54]} {[%emt 00:00:11]} Kb7 {[%clk 01:02:45]} {[%emt 00:00:31]} 28.
Rxg7+ {[%clk 01:27:17]} {[%emt 00:00:07]} Ka6 {[%clk 01:02:59]} {[%emt
00:00:16]} 29. e6 {[%clk 01:27:41]} {[%emt 00:00:06]} Ka5 {[%clk 01:03:22]}
{[%emt 00:00:07]} 30. e7 {[%clk 01:28:07]} {[%emt 00:00:05]} Kb4 {[%clk
01:03:24]} {[%emt 00:00:26]} 31. e8=Q {[%clk 01:28:28]} {[%emt 00:00:10]} Kxc4
{[%clk 01:02:46]} {[%emt 00:01:08]} 32. Qa4+ {[%clk 01:28:50]} {[%emt
00:00:08]} Kd3 {[%clk 01:02:59]} {[%emt 00:00:13]} 33. Rd7# {[%clk 01:29:12]}
{[%emt 00:00:12]} 1-0